| 000 | 01417nam a22002297a 4500 | ||
|---|---|---|---|
| 001 | 6813 | ||
| 003 | FISKH | ||
| 005 | 20250529105013.0 | ||
| 008 | 250529b cb ||||| |||| 00| 0 eng d | ||
| 040 |
_aFISKH _beng _cFISKH _dFISKH |
||
| 050 | _aQA76.D3 M5566 | ||
| 082 | _a005.7565 | ||
| 100 | _aVitou, Ream | ||
| 245 |
_aសិក្សាកំព្យូទ័រដោយខ្លួនឯង : _bMicrosoft Access / _cBy Ream Vitou Chief of the IT department |
||
| 260 |
_aPhnom Penh _bIIC Press , _c2004. |
||
| 300 |
_a389 pages : _billustrations ; _c21 cm . |
||
| 520 | _aWith this book and Microsoft Access you'll learn to view, enter, and customize data; find and display just the information you want to see by sorting and filtering; track new information by creating new tables; get and work with data stored outside Microsoft Access; keep your information reliable by protecting and validating data, defining relationships, using Lookup fields, and more; answer questions about and analyze your data using queries; merge data from multiple tables to one form using the Form Wizard; streamline data entry; create and enhance a custom report; and summarize and group information in reports. This book provides complete preparation for the Certified Microsoft Office User Expert exam. | ||
| 650 |
_aSoftware _vNon-fiction |
||
| 650 |
_aData bases _vNon-fiction |
||
| 942 |
_2ddc _cBK _n0 |
||
| 999 |
_c6813 _d6813 |
||